000 00837cab a2200265 4500
001 ABS57570
008 090401t1997 xxu||||| |||| 00| 0 eng d
035 _a(Sirsi) u80821
041 _aeng
100 _aEaton, K.
245 _aLife cycle assessment
260 _c1997
350 _a0
490 _aNew Steel Construction
_v5(4) August/September 1997, 16-17(2)
520 _aExamines the concept of life cycle assessment (LCA), the compilation and evaluation of all the inputs and outputs and environmental impacts of a product.
650 _aBUILT ENVIRONMENT-BUILDING MATERIALS
650 _aEMBODIED ENERGY
650 _aLIFE CYCLE ASSESSMENTS
650 _aLIFE CYCLE INVENTORY
650 _aSTEEL
690 _aBUILT ENVIRONMENT-BUILDING MATERIALS
700 _aAmato, A.
942 _n0
948 _c12/09/1997
999 _c50901
_d50901